Lowest points of European countries - Statistics

General Stats
  • This quiz has been taken 70 times
    53 since last reset
  • The average score is 19 of 22
Answer Stats
Lowest point Country % Correct
- 2.5 m Belgium
100%
- 6.76 m Netherlands
100%
Russia
98%
115 m Austria
93%
- 3.54 m Germany
93%
90 m Belarus
90%
- 7 m Denmark
90%
- 4 m France
90%
193 m Switzerland
90%
- 4 m United Kingdom
90%
115 m Czech Republic
88%
133 m Luxembourg
85%
94 m Slovakia
85%
78 m Hungary
83%
- 3.44 m Italy
83%
840 m Andorra
80%
- 2 m Moldova
80%
433 m Liechtenstein
78%
- 2.41 m Sweden
78%
Kazakhstan
66%
- 28 m Azerbaijan
63%
375 m Armenia
59%
No matching quizzes found
Score Distribution
Percent of People with Each Score
Percentile by Number Answered
Your Score History
You have not taken this quiz since the last reset